Actes du xe Congrès international de papyrologues : Varsovie-Cracovie 3-9 Sept. 1961.

محفوظ في:

مؤلف مشترك: International Congress of Papyrology Warsaw and Krakow)

مؤلفون آخرون: Wolski, Józef.

التنسيق: وقائع المؤتمر كتاب

اللغة: French

منشور في: Wroclaws : Zaklad Narodowy Im. Ossolińskich, 1964.

سلاسل: International Congress of Papyrology ; 10.
ICP ; 10.

الموضوعات:

الوسوم: إضافة وسم

لا توجد وسوم, كن أول من يضع وسما على هذه التسجيلة!

رقم الطلب: PA3339 .I6 1961

LEADER 00770nam a22002297a 4500
003 OSt
005 20251028092237.0
008 251006t1964 pl 100 0 fre d
010 |a 68044572 
040 |c ARCE Library 
050 4 |a PA3339 .I6 1961 
111 2 |a International Congress of Papyrology  |n (10th :  |d 1961 :  |c Warsaw and Krakow) 
245 1 0 |a Actes du xe Congrès international de papyrologues :   |b Varsovie-Cracovie 3-9 Sept. 1961. 
264 1 |a Wroclaws :   |b Zaklad Narodowy Im. Ossolińskich,   |c 1964. 
300 |a 260 pages ;   |c 25 cm. 
490 0 |a International Congress of Papyrology ;   |v 10. 
490 0 |a ICP ;   |v 10. 
650 0 |a Manuscripts (Papyri)  |v Congresses. 
700 1 |a Wolski, Józef.  |9 42356 
901 |a reviewed 
942 |c BK  |2 lcc 
999 |c 22361  |d 22361